| 000 | 00683nam a22002177a 4500 | ||
|---|---|---|---|
| 003 | DO-SdBNP | ||
| 005 | 20220916092247.0 | ||
| 007 | ta | ||
| 008 | 220915e1999 |||a|||| |||| 00| 0 spa d | ||
| 040 |
_aDO-SdBNP _bspa _cBNPHU |
||
| 041 | _hspa | ||
| 082 |
_222 _a759.97293 _bD441h |
||
| 100 | 1 | 0 |
_aDesangles, Jesús _982390 |
| 245 | 1 | 0 |
_aHacedor de fantasías / _cJesús, Desangles; fotografía, Gianfranco Lanzetti |
| 260 |
_aSanto Domingo : _bCentenario, _c1999. |
||
| 300 |
_a74 p. ; _bil., fot.; _c30 cm |
||
| 590 | _aInventariado,2022 / SA | ||
| 650 | 0 |
_981683 _aArte dominicano _vExposiciones _xCatálogos |
|
| 700 | 1 |
_aLanzetti, Gianfranco _efotografía _962924 |
|
| 942 |
_2ddc _cLBS1 |
||
| 999 |
_c52409 _d52409 |
||